000 00308nam a22001337a 4500
008 190201b xxu||||| |||| 00| 0 eng d
020 _a0471933546
041 _aeng
080 _a621
100 _a27
101 _aMEK
245 _aFundamentals of Momentum, Heat & Mass Transfer
_cWelty
942 _2udc
_cBK
999 _c53906
_d53906